| 000 | 00669cam a2200229 4500 | ||
|---|---|---|---|
| 001 | J64390 | ||
| 008 | 000000n2001 000 0 eng u | ||
| 035 | _a(Sirsi) u112509 | ||
| 041 | _aeng | ||
| 050 | _a333.337 | ||
| 110 |
_aDTZ Research _93886 |
||
| 245 | _aCORe : central offices research : London - Spring, Summer, Autumn 2001 | ||
| 260 |
_aLondon _bDTZ Research _c2001 |
||
| 300 | _a3pt. . ; 30cm. | ||
| 650 | _aFLOORSPACE STATISTICS | ||
| 650 | _aLONDON | ||
| 650 | _aPROPERTY-COMMERCIAL PROPERTY-OFFICE PROPERTY-OFFICE PROPERTY MARKET | ||
| 650 | _aPROPERTY INVESTMENT | ||
| 650 | _aOFFICES | ||
| 690 | _aPROPERTY-COMMERCIAL PROPERTY | ||
| 942 | _n0 | ||
| 999 |
_c101439 _d101439 |
||